|
|
|
|
| LEADER |
00000nam0a2200000 4500 |
| 001 |
293789 |
| 005 |
20231102000628.0 |
| 020 |
|
|
|a RU
|b 84-19676
|
| 035 |
|
|
|a (RuTPU)RU\TPU\book\318831
|
| 090 |
|
|
|a 293789
|
| 100 |
|
|
|a 20150506d1984 k y0rusy5003 ca
|
| 101 |
0 |
|
|a rus
|
| 102 |
|
|
|a RU
|
| 105 |
|
|
|a a z 001zy
|
| 200 |
1 |
|
|a Микропроцессоры и управление потоками жидкостей и газов
|f Л. А. Залманзон
|
| 210 |
|
|
|a Москва
|c Наука
|d 1984
|
| 215 |
|
|
|a 320 с.
|c ил.
|
| 606 |
|
|
|a Жидкости
|x Движение неустановившееся
|2 stltpush
|3 (RuTPU)RU\TPU\subj\69290
|9 84213
|
| 610 |
1 |
|
|a газовый поток
|
| 610 |
1 |
|
|a автоматическое управление
|
| 610 |
1 |
|
|a микропроцессоры
|
| 610 |
1 |
|
|a применение
|
| 610 |
1 |
|
|a гидродинамика
|
| 610 |
1 |
|
|a автоматизированные системы управления технологическими процессами
|
| 675 |
|
|
|a 532.59
|v 3
|
| 700 |
|
1 |
|a Залманзон
|b Л. А.
|g Лев Абрамович
|
| 801 |
|
0 |
|a RU
|b RuMRKP
|c 19950704
|g psbo
|
| 801 |
|
1 |
|a RU
|b 63413507
|c 20150506
|
| 801 |
|
2 |
|a RU
|b 63413507
|c 20180202
|g RCR
|
| 942 |
|
|
|c BK
|